Tuyển tập Nguyễn Tường Phượng (1899-1974)

Wedi'i Gadw mewn:
Manylion Llyfryddiaeth
Prif Awdur: Nguyễn Tường Phượng
Fformat: Llyfr
Iaith:Undetermined
Cyhoeddwyd: Hà Nội Văn học 1996
Pynciau:
Tagiau: Ychwanegu Tag
Dim Tagiau, Byddwch y cyntaf i dagio'r cofnod hwn!
Thư viện lưu trữ: Trung tâm Học liệu Trường Đại học Cần Thơ
LEADER 00603nam a2200181Ia 4500
001 CTU_15645
008 210402s9999 xx 000 0 und d
082 |a 895.922331 
082 |b Ph561 
100 |a Nguyễn Tường Phượng 
245 0 |a Tuyển tập Nguyễn Tường Phượng (1899-1974) 
245 0 |c Nguyễn Tường Phượng 
260 |a Hà Nội 
260 |b Văn học 
260 |c 1996 
650 |a vietnamese literature - 20th century - history and criticism 
904 |i Minh, 970417 
980 |a Trung tâm Học liệu Trường Đại học Cần Thơ